| 000 | 00437pab a2200157 454500 | ||
|---|---|---|---|
| 008 | 180718b1997 xxu||||| |||| 00| 0 eng d | ||
| 100 | _aPandey, Ajay | ||
| 245 | _aAnalysing female nuptiality pattern in micro level: a case of Uttar Pradesh | ||
| 260 | _c1997 | ||
| 300 | _ap.212-25 | ||
| 650 | _aNuptiality - India - Uttar Pradesh | ||
| 650 | _aNuptiality | ||
| 700 | _aPandey, Arvind | ||
| 773 | _aIASSI Quarterly | ||
| 909 | _a39300 | ||
| 999 |
_c39300 _d39300 |
||